[Event "Canadian op 48th U2000"]
[Site "Toronto"]
[Date "2011.07.17"]
[Round "9"]
[White "Jubenville, Mark"]
[Black "Medvedev, Genadi"]
[Result "0-1"]
[WhiteElo "1790"]
[BlackElo "1639"]
[PlyCount "128"]
[EventDate "2011.07.09"]
[EventType "swiss"]
[EventRounds "9"]
[EventCountry "CAN"]
[SourceTitle "EXT 2022"]
[Source "ChessBase"]
[SourceDate "2021.10.06"]
[SourceVersion "1"]
[SourceVersionDate "2021.10.06"]
[SourceQuality "1"]

1. d4 d5 2. Bf4 e6 3. e3 a6 4. Nd2 Nc6 5. Ngf3 h6 6. c3 Bd6 7. Ne5 Nxe5 8. dxe5 Bc5 9. Bd3 Bd7 10. h4 Qe7 11. Qg4 f5 12. exf6 Nxf6 13. Qg6+ Kd8 14. Be2 Be8 15. Qc2 Bd6 16. Bxd6 Qxd6 17. 0-0-0 Ke7 18. Nc4 Qc5 19. Ne5 Rg8 20. g4 Ne4 21. Bd3 Nf6 22. g5 hxg5 23. hxg5 Nd7 24. Ng4 Qa5 25. Kb1 c6 26. Rh7 Kd8 27. Bg6 Kc7 28. Bxe8 Raxe8 29. Qg6 Qa4 30. Rd4 Qb5 31. Rd1 Qe2 32. Rg1 Re7 33. Qc2 Qxc2+ 34. Kxc2 Kd6 35. f4 Nf8 36. Rh2 Ng6 37. Kd3 Rf7 38. Rf2 Rf5 39. Ke2 Rgf8 40. Rgf1 a5 41. a4 Kc5 42. Kd3 Kd6 43. b4 b6 44. bxa5 bxa5 45. Rb1 e5 46. Rb7 exf4 47. Rxg7 Rxg5 48. Kd2 Rxg4 49. exf4 Rgxf4 50. Rxg6+ Kc5 51. Re2 Rxa4 52. Ree6 Rc8 53. Kc2 Re4 54. Ref6 Kb5 55. Rf1 a4 56. Rb1+ Kc5 57. Ra1 Ra8 58. Rg3 Kc4 59. Rg2 c5 60. Kd2 a3 61. Rgg1 Rh4 62. Rg2 a2 63. Kc2 Rh3 64. Kb2 Rxc3 0-1

[Event "Canadian op 48th U2000"]
[Site "Toronto"]
[Date "2011.07.12"]
[Round "4"]
[White "Liu, Jiaxin"]
[Black "Jubenville, Mark"]
[Result "1/2-1/2"]
[WhiteElo "1398"]
[BlackElo "1790"]
[PlyCount "124"]
[EventDate "2011.07.09"]
[EventType "swiss"]
[EventRounds "9"]
[EventCountry "CAN"]
[SourceTitle "EXT 2022"]
[Source "ChessBase"]
[SourceDate "2021.10.06"]
[SourceVersion "1"]
[SourceVersionDate "2021.10.06"]
[SourceQuality "1"]

1. d4 d5 2. Nf3 Nf6 3. e3 e6 4. Be2 Bd6 5. b3 0-0 6. Bb2 Nbd7 7. Nbd2 c5 8. Ne5 a6 9. 0-0 cxd4 10. exd4 Qc7 11. f4 b6 12. Bd3 a5 13. Rf3 h6 14. Rh3 Ba6 15. g4 Bxd3 16. cxd3 Bxe5 17. fxe5 Nh7 18. Nf3 Rac8 19. Rc1 Qb7 20. Qd2 f6 21. Qe3 Ng5 22. Nxg5 fxg5 23. Rxc8 Qxc8 24. Qd2 Rf4 25. Rg3 Nf8 26. Qe2 Ng6 27. h3 Rf7 28. Qd1 Rc7 29. Rg2 Nf4 30. Rh2 Qa6 31. Qf1 Qxd3 32. Qxd3 Nxd3 33. Ba3 b5 34. Rd2 Nf4 35. Rh2 Rc3 36. h4 a4 37. hxg5 axb3 38. gxh6 bxa2 39. h7+ Kh8 40. Rxa2 Kxh7 41. Bc5 Nd3 42. Bb6 b4 43. Ba5 b3 44. Rh2+ Kg6 45. Bxc3 Kg5 46. Rg2 Kf4 47. Bb2 Kf3 48. Kf1 Nf4 49. Rf2+ Kxg4 50. Rd2 g5 51. Bc1 Kf3 52. Rf2+ Ke4 53. Bxf4 gxf4 54. Rd2 Ke3 55. Rd1 b2 56. Rb1 Kxd4 57. Rxb2 Kxe5 58. Re2+ Kf5 59. Rd2 Ke4 60. Re2+ Kf5 61. Rd2 Ke4 62. Ke2 Kf5 1/2-1/2